El desarrollo de la teoría política /
Guardado en:
| Autor Principal: | |
|---|---|
| Otros Autores: | |
| Formato: | Desconocido |
| Idioma: | Spanish |
| Publicado: |
Buenos Aires :
EUDEBA,
1961
|
| Edición: | 1a. ed. |
| Series: | Lecturas Eudeba ;
10 |
| Materias: | |
| Etiquetas: |
Agregar Etiqueta
Sin Etiquetas, Sea el primero en etiquetar este registro!
|
| LEADER | 00536nac a22001695a 4500 | ||
|---|---|---|---|
| 001 | DER.der002177 | ||
| 008 | 180615s1961####ag#||||||||||||||#||spa|| | ||
| 005 | 20250221101000.0 | ||
| 245 | 1 | 0 | |a El desarrollo de la teoría política / |c Charles Vereker ; traducido por Néstor Míguez. |
| 250 | |a 1a. ed. | ||
| 260 | |a Buenos Aires : |b EUDEBA, |c 1961 | ||
| 300 | |a 349 p. | ||
| 490 | 1 | |a Lecturas Eudeba ; |v 10 | |
| 100 | 1 | |a Vereker, Charles | |
| 700 | 1 | |a Míguez, Néstor, |e trad. | |
| 650 | 7 | |a CIENCIA POLIICA | |
| 859 | |a DERECHO |b BIB. DERECHO |h 342.07 |i VER |p 004304 | ||
